000 00695nam a2200277Ia 4500
005 20260324112424.0
008 008 260324s9999 xx 000 0 eng d
020 _a9781003160762
037 _aEBOOK
040 _aCRL
040 _beng
040 _cCRL
041 _2eng
041 _aeng
084 _qCRL
100 _aRoumyana Slabakova; Tania Leal; Laura Domínguez
_91142628
245 0 _aResearch Methods in Generative Second Language Acquisition
260 _bTaylor and Francis
260 _c2024
365 _a
365 _b230
856 _uhttp://www.taylorfrancis.com/books/9781003160762
942 _cEBOOK
999 _c1731827
_d1731827